Gestió patrimonial : manual de normes i procediments manual de normes i procediments
Publicado:
Barcelona :
Diputació de Barcelona, Àrea de Presidència, Servei d'Assistència a la Gestió Econòmica Local ,
2016
Descripción Física:
309 pàgines : 30 cm
Materias:
Patrimoni dels ens locals -- Espanya -- Reglaments i procediment
; Manuals, vademècums, etc.
Idioma:
Catalán
MARC
| LEADER | 00000nam a2200000 a 4500 | ||
|---|---|---|---|
| 001 | 25626 | ||
| 003 | Arxiu | ||
| 005 | 20260324181117.0 | ||
| 008 | 220524b spa||||| |||| 00| 0 cat d | ||
| 017 | |a DL B 20811-2017 | ||
| 080 | |a Bib-570 | ||
| 110 | 1 | |a Barcelona (Catalunya : Província). |b Diputació |9 52408 | |
| 245 | 0 | 0 | |a Gestió patrimonial : |b manual de normes i procediments |
| 250 | |a Cinquena edició | ||
| 260 | |a Barcelona : |b Diputació de Barcelona, Àrea de Presidència, Servei d'Assistència a la Gestió Econòmica Local, |c gener de 2016 | ||
| 300 | |a 309 pàgines : |c 30 cm | ||
| 650 | 0 | |a Patrimoni dels ens locals |x Espanya |x Reglaments i procediment |9 27591 |2 Arxiu | |
| 655 | 0 | |9 52956 |a Manuals, vademècums, etc. | |
| 710 | 1 | |a Barcelona (Catalunya : Província). |b Servei d’Assistència a la Gestió Econòmica Local |9 53081 | |
| 942 | |2 udc |c ARXIU |n 1 | ||
| 952 | |0 0 |1 0 |4 0 |6 BIB599 |7 1 |9 62126 |a Arxiu |b Arxiu |d 2022-06-01 |l 0 |o Bib-599 |p 25735 |r 2022-06-01 00:00:00 |w 2022-06-01 |y ARXIU | ||
| 999 | |c 81831 |d 81831 | ||